00457pam a2200181 a 4500001000800000005001700008008004100025010001700066020001500083040001800098041000800116080001700124082002100141100000700162101000800169245006800177504003000245278807120180124081742.0810810s1982 caua b 001 0 eng  a 81013717  a0534979602 aDLCcDLCdDLC aeng a338.5442 CLE00a338.5442 CLE2191 a52 aMIK14aThe professional forecaster :cJames P. Cleary, Hans Levenbach. aBibliography: p. 385-398.